00564cam a22002057a 4500003000500000005001700005008004100022010001000063011001000073035001000083040000900093082001900102110003600121245003500157260004900192300001100241490003400252650003800286830003400324CHAP20220329142545.0971013s1991 r 00010 d a84874 a85846 a96383 cCHAP a333.0972bM49L aMéxico. Leyes, decretos, etc. 0aLey federal de reforma agraria aMéxico, D.F. :bLibro-Mex Editores,c1976. a454 p. 0aLeyes y códigos de México14aReforma agrariaxLeyesxMéxico.0 aLeyes y códigos de México